Альбомы группы "Дайте танк (!)" - Statistics

General Stats
  • This quiz has been taken 23 times
  • The average score is 10 of 13
Answer Stats
Год Альбом % Correct
2021 Слова-паразиты
89%
2025 Хрупко
89%
2016 Радио огонь
83%
2020 Человеко-часы
83%
2012 Универсамка
78%
2017 См. рис. 1
78%
2018 См. рис. 2
78%
2011 Альбом, который не считается
72%
2014 Интим
72%
2015 Глаза боятся
72%
2018 На вырост
72%
2011 Время собирать щебень
67%
2013 Сохранить как
61%
No matching quizzes found
Score Distribution
Percent of People with Each Score
Percentile by Number Answered
Your Score History
You have not taken this quiz